Mecanismos subyacentes a la prefiguración : su relación con los procesos heurísticos de diseño /

Detalles Bibliográficos
Autor principal: Fago Fontana de Mattiello, María Luisa
Otros Autores: Breyer, Gastón
Formato: Tesis Libro
Lenguaje:Espa�ol
Materias:
Etiquetas: Agregar Etiqueta
Sin Etiquetas, Sea el primero en etiquetar este registro!

MARC

LEADER 00000ntm#a22000001a#4500
001 00030961
003 AR-BaUAD
005 20250602111708.0
008 071910s2002####ag#a|||##m|||#000|0#spa#d
040 |a AR-BaUAD  |b spa  |c AR-BaUAD 
041 0 |a spa 
044 |a ag 
100 1 |a Fago Fontana de Mattiello, María Luisa 
245 1 |a Mecanismos subyacentes a la prefiguración :   |b su relación con los procesos heurísticos de diseño /   |c tesista María L. Fago Fontana de Mattiello 
264 0 |a Buenos Aires,   |c 2002. 
300 |a 451 p.  |b il., fot., gráficos. 
502 |a Tesis   |b (Doctorado) --   |c Universidad de Buenos Aires. Facultad de Arquitectura, Diseño y Urbanismo,   |d 2002.   |g Carrera de Arquitectura. 
500 |a Índice: p. 1-3. 
500 |a Referencias: p. 415-451. 
700 1 |a Breyer, Gastón 
653 |a TESIS 
653 |a INVESTIGACION 
653 |a PERCEPCION 
653 |a INFORMACION 
653 |a CONOCIMIENTO 
653 |a PROCESO DE DISEÑO 
653 |a PSICOFISICA VISUAL 
653 |a BAUHAUS 
653 |a GESTALT 
653 |a COLOR 
653 |a FORMA 
653 |a HISTORIA 
653 |a COLORIMETRIA 
653 |a TEORIA DE LA COMUNICACION 
653 |a COMPUTACION 
653 |a DISEÑO DIGITAL 
653 |a ILUSION OPTICA 
653 |a ESPACIO 
653 |a ARQUITECTURA 
653 |a NEUROCIENCIA 
653 |a DIDACTICA 
653 |a CONOCIMIENTO 
653 |a HEURISTICA 
653 |a FAGO FONTANA DE MATTIELLO, MARÍA LUISA 
653 |a FADU 
653 |a FACULTAD DE ARQUITECTURA, DISEÑO Y URBANISMO 
653 |a UBA 
653 |a UNIVERSIDAD DE BUENOS AIRES 
653 |a ARGENTINA 
653 |a BUENOS AIRES, CIUDAD 
653 |a SIGLO XXI 
653 |a DECADA DE 2000 
655 4 |a TESIS 
852 |c I y D 34-4 
952 |0 0  |1 0  |4 0  |6 I_Y_D_344  |7 0  |9 44589  |a AR-BaUAD  |b AR-BaUAD  |d 2006-02-23  |e Donac. Sec. Posgrado FADU-UBA  |g 18.00  |i 30961  |l 0  |o I y D 34-4  |p TES00030961  |r 2025-06-02 11:17:08  |t Ej.1, vol.1  |w 2025-06-02  |y TES 
990 |a Ej.1, vol.1 : 30961 . 2006/02/23 -- Donac. Sec. Posgrado FADU-UBA -- (18 pesos).   |b ADM 
990 |a AQ200  |b TD 
990 |a AAQ00030961  |b CC 
998 |a AAQ  |b Bibun 76 
942 |c TES 
999 |c 24097  |d 24097